|
|
|
|
| LEADER |
01160nam a2200289 i 4500 |
| 001 |
c000239592 |
| 003 |
CARM |
| 005 |
00000000000000.0 |
| 008 |
840305s1978 sa 0 eng d |
| 019 |
1 |
|
|a 4407485
|z 1354598
|5 LACONCORD2021
|
| 020 |
|
|
|a 0195700899
|
| 035 |
|
|
|a (OCoLC)4293633
|5 LACONCORD2021
|
| 082 |
0 |
4 |
|a 301.2968
|
| 245 |
0 |
0 |
|a Social system and tradition in Southern Africa :
|b essays in honour of Eileen Krige /
|c edited by John Argyle, Eleanor Preston-Whyte.
|
| 260 |
|
|
|a Cape Town :
|b Oxford University Press,
|c 1978.
|
| 300 |
|
|
|a 251p. :
|b ill.
|
| 504 |
|
|
|a Includes bibliographical references.
|
| 650 |
|
0 |
|a Families
|z Africa, Southern.
|
| 650 |
|
0 |
|a Kinship
|z Africa, Southern.
|
| 650 |
|
0 |
|a Ethnology
|z Africa, Southern.
|
| 650 |
|
0 |
|a Social institutions
|z Africa, Southern.
|
| 700 |
1 |
|
|a Argyle, William John,
|d 1931-
|
| 700 |
2 |
|
|a Preston-Whyte, Eleanor.
|
| 700 |
1 |
|
|a Krige, Eileen Jensen,
|d 1904-
|
| 852 |
8 |
|
|b CARM
|h A2:AR29A0
|i B07635
|p 0324351
|f BK
|
| 999 |
f |
f |
|i cc891933-1881-52cc-82a1-087edfbe3b24
|s df8a3118-0b29-5f17-a73f-7f14f6d74598
|
| 952 |
f |
f |
|p Can circulate
|a CAVAL
|b CAVAL
|c CAVAL
|d CARM 1 Store
|e B07635
|f A2:AR29A0
|h Other scheme
|i book
|m 0324351
|